000 01558cam a22004337i 4500
001 4171
003 FISKH
005 20250507125053.0
008 141009t20142014nyua j 000 1 eng d
010 _a 2012474687
020 _a9780062288844
020 _a9780062001757
020 _a0062288849
035 _a(OCoLC)ocn861210024
040 _aBTCTA
_beng
_cBTCTA
_erda
_dYDXCP
_erda
_dSINLB
_dCO2
_dCLE
_dIK2
_dDLC
042 _alccopycat
050 0 0 _aPZ7.O222
082 _2813.54
100 1 _aO'Connor, Jane,
245 1 0 _aFancy Nancy's fabulous fall storybook collection /
_cby Jane O'Connor ; pictures based on the art of Robin Preiss Glasser.
260 _aNew York :
_bHarper Collins,
_c2011.
300 _a32 pages :
_bcolor illustrations ;
_c23 cm
336 _atext
_2rdacontent
336 _astill image
_2rdacontent
337 _aunmediated
_2rdamedia
338 _avolume
_2rdacarrier
505 _aJ
520 _aCollects six Fancy Nancy stories, including "Splendid Speller," wherein Nancy, who loves to use fancy words, comes up against a tough spelling quiz and is faced with a difficult decision.
521 8 _a500
_bLexile
521 8 _aJ
_bRaz-Plus
600 0 0 _aFancy Nancy
_c(Fictitious character)
_vJuvenile fiction.
630 0 0 _aThanksgiving
_vJuvenile fiction.
650 0 _aHalloween
_vJuvenile fiction.
650 0 _aSchools
_vJuvenile fiction.
700 1 _aPreiss-Glasser, Robin,
_eillustrator.
906 _a7
_bcbc
_ccopycat
_d2
_encip
_f20
_gy-gencatlg
942 _2ddc
_cBK
_n0
999 _c4171
_d4171